États des États-Unis traversés par la Route 66 (Carte Quiz) - Statistiques

Statistiques générales
  • Ce quiz a été pris 173 fois
  • Le résultat moyen est 7 sur 8
Réponses sur la Carte
Les réponses sont colorées sur une échelle allant du rouge au vert en fonction du pourcentage des utilisateurs qui les ont devinées à leur premier essai. Vous pouvez retrouver ces pourcentages ci-dessous.
 
Statistiques - réponses
États % Correct
Texas
99%
Californie
96%
Nouveau-Mexique
89%
Arizona
88%
Illinois
85%
Kansas
83%
Oklahoma
76%
Missouri
72%
Aucun quiz correspondant
Distribution des résultats
% des personnes avec chaque résultat
Percentile par nombre de réponses
Votre historique - résultats
Vous n’avez pas pris ce quiz